<The> use of multicriteria programming to the maintenance of a minimum number of road traffic

Minimálne trvanie problému stromu. Formulácia problému, modifikácia problému. Riešenie pomocou GAMS.

Saved in:
Bibliographic Details
Main Author: Pekár, Juraj, 1972-
Other Authors: Brezina, Ivan, 1963-, Čičková, Zuzana, 1978-
Format: Book Chapter
Language:English
Subjects:
Tags: Add Tag
No Tags, Be the first to tag this record!

MARC

LEADER 00000naa$a2200000$$$4500
001 0119943
005 20240502072335.9
041 0 |a eng 
044 |a SK 
245 1 0 |a <The> use of multicriteria programming to the maintenance of a minimum number of road traffic  |c Juraj Pekár, Ivan Brezina, Zuzana Čičková 
520 |a Minimálne trvanie problému stromu. Formulácia problému, modifikácia problému. Riešenie pomocou GAMS. 
610 2 0 |a programovanie 
610 2 0 |a programovanie cieľové 
610 2 0 |a doprava cestná 
100 1 |a Pekár, Juraj, 1972- 
700 1 |a Brezina, Ivan, 1963- 
700 1 |a Čičková, Zuzana, 1978-